000 008270000a22002290004500
020 _a978-0-8297-5006-5
041 0 _aSpa.
082 0 4 _aG 253.7 O775r
100 1 _aOrtiz, Félix
245 1 0 _aRaíces: pastoral juvenil en profundidad / Félix Ortíz, Annette Gulick, Gerardo Muniello
260 _aMiami : Vida
300 _a333 Pag.
440 0 _aEspecialidades Juveníles
520 _aCómo son los jóvenes con los que trabajamos \ Los fundamentos de la pastoral juvenil \ Las barreras en la pastoral juvenil \ La pastoral en la adolescencia
650 1 4 _aCONSEJERIA PASTORAL - JUVENTUD \ LIDERAZGO CRISTIANO
700 1 _aGulick, Annette; Muniello, Gerardo
001 10346
942 _cBK
999 _c39921
_d39921
336 _atexto
_btxt
_2rdacontent
337 _2rdamedia
_asin mediación
_bn
338 _2rdacarrier
_avolumen
_bnc